| 000 | 02610 a2200493 04500 | ||
|---|---|---|---|
| 003 | PE-LiUPU | ||
| 005 | 20250731165651.0 | ||
| 008 | 991231s 2001sp spa d | ||
| 020 | _a8448128249 | ||
| 040 |
_aBUniversidad Montemorelos _bspa _cPE-LiUPU _dPE-LiUPU _erda |
||
| 082 | 0 | 4 |
_a006.3 _bN712i _223 |
| 100 | 1 |
_aNilsson, Nils J., _d1933- _eautor |
|
| 245 | 1 | 0 |
_aInteligencia artificial : _buna nueva síntesis / _cNils J. Nilsson. |
| 250 | _aPrimera edición | ||
| 264 |
_aMadrid, Espana : _bMcGraw-Hill Interamericana de España, _c2001. |
||
| 300 |
_axix, 458 páginas : _bilustraciones ; _c25 centímetros. |
||
| 500 |
_aTítulo original : Artificial intelligence : a new synthesis _aIncluye índice |
||
| 504 | _aBibliografía paginas 407-432 | ||
| 505 | _aIntroducción -- SISTEMAS REACTIVOS: Agentes de estímulo-respuesta -- Redes neuronales -- Sistemas evolutivos -- Sistemas con estados -- Visión artificial -- BÚSQUEDA EN ESPACIOS DE ESTADO: Agentes que planifican -- Búsqueda a ciegas -- Búsqueda heurística -- Planificación, actuación y aprendizaje -- Métodos alternativos de búsqueda y otras aplicaciones -- Búsqueda en problemas de juegos -- REPRESENTACIÓN DEL CONOCIMIENTO Y RAZONAMIENTO: El cálculo proporcional -- La resolución en el cálculo proporcional -- El cálculo de predicados -- La resolución en el cálculo de predicados -- Sistemas basados en conocimiento .. Representación del sentido común -- Razonamiento con incertidumbre -- Aprendizaje y actuación con redes bayesianas -- MÉTODOS DE PLANIFICACIÓN BASADOS EN LÓGICA: El cálculo de situaciones -- planificación -- COMUNICACIÓN E INTEGRACIÓN: Múltiples agentes -- Comunicación entre agentes -- Arquitecturas de agente -- Bibliografía. | ||
| 526 | _aSEG44 | ||
| 526 | _aSEG26 | ||
| 526 | _aP151 | ||
| 526 | _aP150 | ||
| 526 | _aP149 | ||
| 526 | _aP146 | ||
| 526 | _aP145 | ||
| 526 | _aP126 | ||
| 526 | _aP125 | ||
| 526 | _aP92 | ||
| 526 | _aP75 | ||
| 526 | _aP74 | ||
| 526 | _aP27 | ||
| 526 | _aP15 | ||
| 650 | 1 | 4 | _aInteligencia artificial |
| 650 | 1 | 4 | _aRedes neurales (Informática) |
| 650 | 1 | 4 | _aVisión por computador |
| 650 | 1 | 4 | _aMétodos de simulación |
| 700 |
_aMarín Morales, Roque _91155 _etraductor |
||
| 700 |
_aPalma Mendez, Tomás _etraductor _91199 |
||
| 700 |
_aPaniagua Aris, Enrique _etraductor _91200 |
||
| 942 |
_cBK _2ddc _n0 |
||
| 980 |
_621515 _aDIGNA BRAÑES Analista Documental _81 _gALBERTO SANCHEZ Responsable de Automatización |
||
| 999 |
_c61816 _d61816 |
||